01036cam a22002411 4500001001300000003000400013005001700017008004100034010001700075025001900092040001800111050002300129111010300152245010200255260004700357300001900404350000900423500008100432500016100513650004300674710006000717999001700777ne 68000381 DLC20260227111837.0710901s1965 ua 100 0 eng  ane 68000381  aPL480:UAR-8258 aDLCcDLCdDLC00aD839.2b.C65 1964d2 aConference of Heads of State or Government of Non-aligned Countriesn(2nd :d1964 :cCairo, Egypt)00aConference of Heads of State and Governments of Non-aligned Countries, Cairo, October 5-10, 1964. aCairob[National Publication House,c1965] a357 p.c24 cm. aN.T. aAt head of title: Ministry of National Guidance, Information Administration. a"Comprises the speeches and statements of the Heads of State and Governments of the non-aligned countries in addition to the resolutions of the Conference." 0aWorld politicsy1955-1965xCongresses.1 aUnited Arab Republic.bMaṣlaḥat al-Istiʻlāmāt. c50016d50016